| 000 | 00575ntaaa2200205 4500 | ||
|---|---|---|---|
| 003 | 01 | ||
| 005 | 20251027202525.0 | ||
| 008 | 0714s1973 ag 01 | ||
| 040 |
_aAR-BaBN _bspa _cAR-BaBN _eaacr _dRIC |
||
| 082 | _a266.0100 V42 | ||
| 100 |
_aVaretto, Juan C. _97850 |
||
| 245 | _aBosquejos del libro heroes y martires de la obra misionera | ||
| 250 | _a1 ed. | ||
| 260 |
_aCoronel Dorrego : _bs/d, _c1948 |
||
| 300 | _as/p | ||
| 500 | _aEstudios prepardos por Guillermo Milovan | ||
| 650 |
_aMilovan, Guillermo _924192 |
||
| 700 |
_aMilovan, Guillermo _95766 |
||
| 942 | _cBK | ||
| 999 |
_c20262 _d20262 |
||